000 00598cam a22002052 4500
001 0000000760
005 20151217151756.0
008 070219s xx 000 0 eng d
020 _a0879522607 :
040 _aKABU
_cKABU
050 0 _aBX6941
_b.E33 1934
100 1 _aEddy, Mary Baker.
_@0000149096
245 1 0 _aScience and health with key to the scriptures /
_cMary Baker Eddy.
260 _aBoston :
_bTrustees,
_c1934.
300 _axii, 700 p.
650 0 _aChristian science.
_@0000149097
908 _a070219
950 _@1
999 _c4894
_d4894